Les 10 pays qui déteste le plus la France - Statistiques

Statistiques générales
  • Ce quiz a été pris 1 812 fois
  • Le résultat moyen est 4 sur 10
Statistiques - réponses
Hint Réponse % Correct
2 Algérie
82%
5 États-Unis
79%
8 Belgique
58%
6 Angleterre
49%
4 Mali
40%
7 Pays-Bas
31%
10 France
26%
1 Haïti
18%
3 Rwanda
16%
9 Quebec
8%
Aucun quiz correspondant
Distribution des résultats
% des personnes avec chaque résultat
Percentile par nombre de réponses
Votre historique - résultats
Vous n’avez pas pris ce quiz